| 000 | 00582nam a2200133Ia 4500 | ||
|---|---|---|---|
| 008 | 220620s9999||||xx |||||||||||||| ||und|| | ||
| 020 | _a9782890000000 | ||
| 245 | 0 | _aMethods and Applications of Computational Immunology | |
| 546 | _aEnglish[eng] | ||
| 650 | _asystems immunology||computational biology||bioinformatics||mathematical modeling||innate and adaptive immune response | ||
| 700 | _aGreiff, Victor||Yaari, Gur||Textor, Johannes||Chain, Benny | ||
| 856 | _uhttps://www.frontiersin.org/research-topics/6798/methods-and-applications-of-computational-immunology | ||
| 942 | _cEB | ||
| 999 |
_c24070 _d24070 |
||